| 000 | 00880nam a2200265Ia 4500 | ||
|---|---|---|---|
| 003 | OSt | ||
| 005 | 20220926012215.0 | ||
| 006 | a|||||r|||| 00| 0 | ||
| 007 | ta | ||
| 008 | 220923b |||||||| |||| 00| 0 eng d | ||
| 020 |
_a9781501332609 _c2203.72 |
||
| 037 |
_b8524, 17/01/2019, Efficient Book Distributors _cGeneral Book |
||
| 040 |
_aRTL _cRTL _beng |
||
| 041 |
_2eng _aeng |
||
| 082 | _aY9(D65,45):(NW), Q9 | ||
| 100 |
_aDOBSON Nichola _9315806 |
||
| 245 | 0 | _aAnimation studies reader | |
| 260 |
_aNew York _bBloomsbury Academic _c2019 |
||
| 300 |
_axv,336p _ccm. |
||
| 650 | _aSociology | ||
| 700 |
_a RATELLE Amy _9315807 |
||
| 700 |
_a ROE Annabelle Honess _9315808 |
||
| 942 |
_hY9(D65,45):(NW), Q9 _cGB _2CC |
||
| 999 |
_c622063 _d622063 |
||